000 004880000a22001810004500
020 _a958-616-114-5
041 0 _aSPA
082 0 4 _aG 306 Z26n
100 1 _aZamudio, Lucero.
245 1 0 _aLa Nunpcialidad en Colombia / Lucero Zamundio, Norma Rubiano
260 _aBogotá : Universidad Externado de Colombia
300 _a182 Pág.
001 14804
942 _cBK
999 _c43632
_d43632
336 _atexto
_btxt
_2rdacontent
337 _2rdamedia
_asin mediación
_bn
338 _2rdacarrier
_avolumen
_bnc